LEADER 01113nam a22002411i 4500 001 991002487889707536 005 20040327152318.0 008 040407s1967 it |||||||||||||||||ita 035 $ab12930106-39ule_inst 035 $aARCHE-090971$9ExL 040 $aDip.to Scienze Storiche$bita$cA.t.i. Arché s.c.r.l. Pandora Sicilia s.r.l. 082 04$a337.14 110 1 $aComunità economica europea.$bCommissione$0482639 245 10$aDecima relazione generale sulla attività della Comunita (1 aprile 1966-31 marzo 1967) /$cComunità economica europea, Commissione 260 $a[Bruxelles] :$b[Servizi pubblicazioni delle comunita europee],$c1967 300 $a413 p. ;$c23 cm 650 4$aComunità economica europea$y1966$xDocumenti 907 $a.b12930106$b02-04-14$c16-04-04 912 $a991002487889707536 945 $aLE009 GEOG.06-93/10$g1$i2009000348288$lle009$o-$pE0.00$q-$rl$s- $t0$u0$v0$w0$x0$y.i13504113$z16-04-04 996 $aDecima relazione generale sulla attività della Comunita (1 aprile 1966-31 marzo 1967$9281452 997 $aUNISALENTO 998 $ale009$b16-04-04$cm$da $e-$fita$git $h0$i1 LEADER 01047nam0 22002771i 450 001 UON00384684 005 20231205104544.835 010 $a06-7429-071-2 100 $a20101004d1983 |0itac50 ba 101 $aeng 102 $aGB 105 $a|||| ||||| 200 1 $aFact, Fiction, and Forecast$fNelson Goodman - 4. ed - Cambridge$eHarvard University Press, 1983 - 131 p. ; 21 cm. 606 $aINDUZIONE$xTeoria$3UONC075635$2FI 606 $aLogica$3UONC024361$2FI 620 $dCambridge$3UONL000022 620 $aGB$dLondon$3UONL003044 676 $a161$cINDUZIONE$v22 700 1$aGOODMAN$bNelson$3UONV141231$045145 712 $aHarvard University Press$3UONV245793$4650 801 $aIT$bSOL$c20250620$gRICA 899 $aSIBA - SISTEMA BIBLIOTECARIO DI ATENEO$2UONSI 912 $aUON00384684 950 $aSIBA - SISTEMA BIBLIOTECARIO DI ATENEO$dSI FS 04313 $eSI FP 3519 5 996 $aFact, fiction and forecast$924675 997 $aUNIOR